Представление документа в формате RUSMARC

ПолеНазваниеЗначение
  Тип записи a
  Библиографический уровень m
001 Контрольный номер RU/УОНБ/EK/575049243
005 Дата корректировки 20250520125201.7
010 Индекс ISBN __
d Цена 3 р. 10 к.
9 Тираж 1600 экз.
b Уточнения в пер.
100 Данные общей обработки __
a Данные общей обработки 20180322d1961 u u0rusy0189||||ca
101 Язык документа 0_
a Язык текста rus
102 Страна публикации __
a Страна публикации RU
105 Кодированные данные (монография) __
a Кодированные данные (монография) a z 001yy
200 Заглавие и сведения об ответственности 1_
a Заглавие Ежегодник Института истории искусств. 1959
f Первые сведения об ответственности Акад. наук СССР, Ин-т истории искусств М-ва культуры СССР
h Номер части 1960
i Наименование части Архитектура и живопись
210 Выходные данные 1_
a Место издания Москва
c Издательство Изд-во АН СССР
d Дата издания 1961
215 Физическое описание __
a Объем 388 с.
c Иллюстрации/тип воспроизводства ил., 2 л. ил.
d Формат 26 см
606 Тематические рубрики 0_
a Основная рубрика Русская архитектура
x Основная подрубрика История
j Формальный подзаголовок Сборники
606 Тематические рубрики 0_
a Основная рубрика Русская живопись
x Основная подрубрика История
j Формальный подзаголовок Сборники
610 Ключевые слова 0_
a Ключевые слова русская архитектура
610 Ключевые слова 0_
a Ключевые слова русская живопись
686 Индексы других классификаций __
a Классификационный индекс 85.103(2Р=Рус)
2 Код системы rubbk
686 Индексы других классификаций __
a Классификационный индекс 85.11я43
2 Код системы rubbk
710 Наименование организации. (Первичная ответственность) 02
a Организация/ юрисдикция Институт истории искусств
e Место проведения Москва
4 Код отношения 570
712 Наименование организации (Вторичная ответственность) 02
a Организация/ юрисдикция Институт истории искусств
4 Код отношения 570
801 Источник записи _0
a Страна RU
b Организация Ульяновская ОНБ
c Дата составления 20180322
g Правила каталогизации RCR
801 Источник записи _1
a Страна RU
b Организация Ульяновская ОНБ
c Дата составления 20180322
g Правила каталогизации RCR
901 Тип документа __
t Тип документа m
909 Создатель записи __
a Создатель записи Степанова
938 Служебная информация __
a Имя БД retro
b Имя библиотеки УОНБ
c Имя АИБС МАРК-SQL
d Номер DOC_ID в БД 248589